000 00491nam a22001937a 4500
003 MPLRDC
005 20220104143420.0
008 210129b ||||| |||| 00| 0 eng d
020 _a7-5324-3614-4
082 _a308.9 ZSMF v.3
100 _a李名慈编写
245 _a知识魔方: 化学博览
_c
250 _a一版一刷
260 _a
_b少年儿童出版社
_c1998
300 _b
490 _a知识魔方
650 _a儿童用科学丛书
942 _cBK
_o308.9 ZSMF v.3
999 _c39680
_d39670